000 01516nam a2200373 a 4500
001 000039116
003 DO-SdBNP
005 20241001194251.0
008 130523s2013 dr ad r 000 0 spa d
020 _a9789945074796
040 _aDO-SdBNP
_bspa
_cBNPHU
_erda
082 4 _a347.016
_bG643L
_222
100 1 _aGonzález Canalda, María Filomena,
_d1952-
_965322
_4aut.
_eautor
245 1 0 _aLibertad igualdad :
_bprotocolos notariales de José Troncoso y Antonio Solano 1822-1840 /
_cMaría Filomena González Canalda ; cuidado de edición, Juana Haché
250 _aPrimera edición
264 4 _aSanto Domingo :
_bEditor Archivo General de la Nación,
_c2013.
300 _a331 páginas :
_bilustraciones, gráficos ;
_c23 cm.
336 _atexto
_btxt
_2rdacontent
337 _asin mediación
_bn
_2rdamedia
338 _avolumen
_bnc
_2rdacarrier
490 1 _aArchivo General de la Nación
_v187
500 _aIncluye referencias bibliográficas y notas al pie de las páginas
504 _aBibliografía : páginas 315-320
590 _aInventariado, 2018/LP
600 1 4 _aTroncoso, José
_965323
600 1 4 _aAbad Solano, Antonio
_965324
650 4 _aDocumentos públicos
_910226
650 4 _aNotarios
_zRepública Dominicana
_xFuentes
_965325
650 4 _aNotariado y registro
_916579
651 4 _aRepública Dominicana
_xHistoria
_yOcupación hasta 1844
_vFuentes
_965326
700 1 _aHaché, Juana,
_eedición
_4ed.
_956559
910 _aValidado. Control de calidad. EMS
942 _2ddc
_cLBS1
999 _c38606
_d38606